Southville International School and Colleges
Your cart is empty.
  • Cart
  • Lists
    Public lists Eva Luna New books Lux_list list_1
    Your lists Log in to create your own lists
  • Log in to your account
  • Your cookies
  • Search history
Southville International School and Colleges
  • Advanced search
  • Recent comments
  • Most popular
  • Libraries

Log in to your account

Log in with GOOGLE


If you do not have an external account, but do have a local account, you can still log in:

  1. Home
  2. MARC view: The Filipino family
Normal view MARC view ISBD view

The Filipino family (Record no. 2860)

[ view plain ]
MARC details
000 -LEADER
fixed length control field 01221cam a2200373 a 4500
001 - CONTROL NUMBER
control field 12790262
003 - CONTROL NUMBER IDENTIFIER
control field OSt
005 - DATE AND TIME OF LATEST TRANSACTION
control field 20140310181743.0
008 - FIXED-LENGTH DATA ELEMENTS--GENERAL INFORMATION
fixed length control field 011006s2001 ph a b f001 0 eng
010 ## - LIBRARY OF CONGRESS CONTROL NUMBER
LC control number 2001360428
020 ## - INTERNATIONAL STANDARD BOOK NUMBER
International Standard Book Number 9715423019
035 ## - SYSTEM CONTROL NUMBER
System control number (DLC) 2001360428
037 ## - SOURCE OF ACQUISITION
Source of stock number/acquisition Library of Congress -- Jakarta Overseas Office
Terms of availability P300.00
040 ## - CATALOGING SOURCE
Original cataloging agency DLC
Transcribing agency DLC
Modifying agency DLC
042 ## - AUTHENTICATION CODE
Authentication code lcode
043 ## - GEOGRAPHIC AREA CODE
Geographic area code a-ph---
050 00 - LIBRARY OF CONGRESS CALL NUMBER
Classification number HQ 680
Item number .M491 2001
082 ## - DEWEY DECIMAL CLASSIFICATION NUMBER
Item number M491 2001
Classification number FIL 306.85599
100 1# - MAIN ENTRY--PERSONAL NAME
Personal name Medina, Belen T. G.
Fuller form of name (Belen Tan-Gatue)
245 14 - TITLE STATEMENT
Title The Filipino family
Statement of responsibility, etc Medina, Belen T.G.
250 ## - EDITION STATEMENT
Edition statement 2nd ed.
260 ## - PUBLICATION, DISTRIBUTION, ETC. (IMPRINT)
Place of publication, distribution, etc Diliman, Quezon City
Name of publisher, distributor, etc University of the Philippines Press
Date of publication, distribution, etc 2001
300 ## - PHYSICAL DESCRIPTION
Extent xv, 307 p.
Other physical details ill.
Dimensions 23 cm.
504 ## - BIBLIOGRAPHY, ETC. NOTE
Bibliography, etc Includes bibliographical references and index.
521 ## - TARGET AUDIENCE NOTE
Target audience note
526 ## - STUDY PROGRAM INFORMATION NOTE
Reading level 1210L to 1700L
541 ## - IMMEDIATE SOURCE OF ACQUISITION NOTE
-- 1
562 ## - COPY AND VERSION IDENTIFICATION NOTE
Number of copies For circulation. 1 copy available in the collection
650 #0 - SUBJECT ADDED ENTRY--TOPICAL TERM
Topical term or geographic name as entry element Families
Geographic subdivision Philippines.
650 #0 - SUBJECT ADDED ENTRY--TOPICAL TERM
Topical term or geographic name as entry element Marriage
Geographic subdivision Philippines.
906 ## - LOCAL DATA ELEMENT F, LDF (RLIN)
a 7
b cbc
c origode
d 3
e ncip
f 20
g y-gencatlg
942 ## - ADDED ENTRY ELEMENTS (KOHA)
Source of classification or shelving scheme Library of Congress Classification
Koha item type
Call number prefix Filipininana
Holdings
Withdrawn status Lost status Source of classification or shelving scheme Damaged status Home library Current library Shelving location Date acquired Total Checkouts Total Renewals Full call number Barcode Date last seen Date checked out Copy number Price effective from Koha item type
    Library of Congress Classification   College Library College Library Filipiniana Section 04/19/2013 2 13 HQ 680 .M491 2001 c4029 12/03/2018 10/01/2018 1 04/19/2013 Books

The Filipino family

APA

Medina B. T. G., . (2001). The Filipino family. Diliman, Quezon City: University of the Philippines Press.

Chicago

Medina Belen T G, . 2001. The Filipino family. Diliman, Quezon City: University of the Philippines Press.

Harvard

Medina B. T. G., . (2001). The Filipino family. Diliman, Quezon City: University of the Philippines Press.

MLA

Medina Belen T G, . The Filipino family. Diliman, Quezon City: University of the Philippines Press. 2001.

  • Place hold
  • Print
  • Cite
  • Add to your cart (remove)
  • Save record
    BIBTEX Dublin Core MARCXML MARC (non-Unicode/MARC-8) MARC (Unicode/UTF-8) MARC (Unicode/UTF-8, Standard) MODS (XML) RIS
  • More searches
    Search for this title in:
    Other Libraries (WorldCat) Other Databases (Google Scholar) Online Stores (Bookfinder.com) Open Library (openlibrary.org)

Exporting to Dublin Core...

SOUTHVILLE LIBRARY

Southville International School and Colleges Library

1281 Tropical Ave. Cor. Luxembourg St., BF Homes International, Las Pinas City

Tel. No. 8256374 / 252358 Loc. 117/146

Powered by Koha